000 00524nam a2200169Ia 4500
008 090711s9999 xx 000 0 und d
082 _b52928
100 _aकुलकर्णी अरुणा
245 _aअर्धनारी
260 _bकिरण प्रकाशन
_c1985
300 _a130
600 _aकुलकर्णी अरुणा
630 _aअर्धनारी
700 _aकुलकर्णी अरुणा
730 _aअर्धनारी
942 _cBOOK
999 _c330001
_d330001